| 000 | 01428nam a22004817a 4500 | ||
|---|---|---|---|
| 005 | 20230627164738.0 | ||
| 008 | 180711b2011 xxu||||| |||| 00| 0 spa d | ||
| 041 | _aESP | ||
| 082 | _a005.13 M717m | ||
| 100 |
_aMoldes Teo, Francisco Javier _981442 |
||
| 245 | _aManual imprescindible de Java 7 | ||
| 260 | _aEspaña | ||
| 260 | _bANAYA | ||
| 260 | _b2011 | ||
| 300 | _a409 páginas | ||
| 650 |
_aJAVA 7 _981443 |
||
| 650 |
_aLENGUAJES DE PROGRAMACIÓN _981444 |
||
| 650 |
_aLENGUAJE JAVA _981445 |
||
| 650 |
_aVARIABLES _981446 |
||
| 650 |
_aOPERADORES _981447 |
||
| 650 |
_aCONTROL DE FLUJO _981448 |
||
| 650 |
_aCONSOLA DE SISTEMA _981449 |
||
| 650 |
_aCOLECCIONES DE LONGITUD FIJA _981450 |
||
| 650 |
_aCLASES _981451 |
||
| 650 |
_aOBJETOS _981452 |
||
| 650 |
_aMÉTODOS _981453 |
||
| 650 |
_aATRIBUTOS _981454 |
||
| 650 |
_aCONTROL DE EXCEPCIONES _981455 |
||
| 650 |
_aENTRADA Y SALIDA A FICHEROS _981456 |
||
| 650 |
_aHILOS DE EJECUCIÓN _981457 |
||
| 650 |
_aPILAS _981458 |
||
| 650 |
_aLISTAS _981459 |
||
| 650 |
_aUTILIDADES DE FECHAS _981460 |
||
| 650 |
_aCOMUNICACIÓN A TRAVES DE SOCKETS _981461 |
||
| 650 |
_aBASES DE DATOS _981462 |
||
| 650 |
_aSERVLETS _981463 |
||
| 650 |
_aPÁGINAS JSP _981464 |
||
| 650 |
_aMATEMÁTICAS _981465 |
||
| 650 |
_aINVOCACIONES DE MÉTODOS REMOTOS _981466 |
||
| 650 |
_aINTERFAZ GRÁFICO _981467 |
||
| 650 |
_aCOMPONENTES SWING _981468 |
||
| 942 | _cBK | ||
| 999 |
_c10821 _d10821 |
||